000 00247nam a22001097a 4500
008 140207t xxu||||| |||| 00| 0 eng d
100 _aJerome Fellmann
_9676
245 _aHuman Geography
250 _afifth Edi.
300 _a545 p.
942 _2ddc
_cBK
999 _c16935
_d16935